Mentalising in adults with schizophrenia : a qualitative study /Adam Mark Campbell
Saved in:
| Main Author: | |
|---|---|
| Format: | Thesis |
| Language: | English |
| Published: |
United Kingdom :
University of Essex,
2002
|
| Subjects: | |
| Tags: |
Add Tag
No Tags, Be the first to tag this record!
|
| LEADER | 009870000a22002290004500 | ||
|---|---|---|---|
| 008 | 101217n2002 enk g 001 0 eng d | ||
| 040 | |a UIAM |b eng | ||
| 050 | 0 | 0 | |a RC514 |
| 100 | 1 | |a Campbell, Adam Mark | |
| 245 | 1 | |a Mentalising in adults with schizophrenia : |b a qualitative study /Adam Mark Campbell | |
| 260 | |a United Kingdom : |b University of Essex, |c 2002 | ||
| 300 | |a 152 p. : |b ill.; |c 30 cm. | ||
| 500 | |a "A Theses submiteted for the degree of Doctor of Clinical Psychology."--On t.p. | ||
| 502 | |a Thesis (Ph. D.) -- University of Essex, 2002. | ||
| 504 | |a Includes bibliographical references (p. 149-153). | ||
| 596 | |a 1 | ||
| 650 | 0 | |a Schizophrenia | |
| 655 | 0 | 7 | |a Theses, Facsimile edition (Islamic) |
| 710 | 2 | |a University of Essex. |b Department of Health and human Sciences | |
| 900 | |a oc-rus-a jt | ||
| 999 | |c 435185 |d 464023 | ||
| 952 | |0 0 |6 TI RC 514 C187M 2002 |7 0 |8 THESES |9 752358 |a IIUM |b IIUM |c MULTIMEDIA |g 640.00 |o ti RC 514 C187M 2002 |p 00011204319 |r 2017-10-23 |t 1 |v 640.00 |y THESIS | ||
